| 000 | 01776cam a22003737a 4500 | ||
|---|---|---|---|
| 020 | _a9780071544252 | ||
| 020 | _a0071544259 | ||
| 082 | 0 | 4 | _a519.2076 |
| 100 | 1 | _aSpiegel, Murray R. | |
| 245 | 1 | 0 |
_aProbability and statistics / _cMurray R. Spiegel, John J. Schiller, R. Alu Srinivasan. |
| 250 | _a3rd ed. | ||
| 260 |
_aNew York : _bMcGraw-Hill, _cc2009. |
||
| 300 |
_avii, 424 p. : _bill. ; _c28 cm. |
||
| 650 | 0 | _aProbabilities | |
| 650 | 0 |
_aProbabilities _9111934 |
|
| 650 | 0 |
_aMathematical statistics _961 |
|
| 650 | 0 |
_aMathematical statistics _961 |
|
| 650 | 0 | _9111794 | |
| 650 | 0 | _9111795 | |
| 650 | 0 | _9111794 | |
| 650 | 0 | _9111795 | |
| 700 | 1 |
_aSchiller, John J. _913077 |
|
| 700 | 1 |
_aSrinivasan, R. Alu. _939513 |
|
| 856 | 4 | 2 | _uhttp://www.loc.gov/catdir/enhancements/fy1107/2011289323-b.html |
| 856 | 4 | 2 | _uhttp://www.loc.gov/catdir/enhancements/fy1107/2011289323-d.html |
| 856 | 4 | 1 | _uhttp://www.loc.gov/catdir/enhancements/fy1107/2011289323-t.html |
| 942 |
_2ddc _cTEXT |
||
| 999 |
_c594468 _d594468 |
||